000 00832nam a22002297a 4500
003 dpl
005 20231218145557.0
008 231130b |||||||| |||| 00| 0 eng d
010 _aB-756086-091
020 _a9788183820288
_c250.00
035 _aB-756086-091
037 _bLotus Press
040 _c0
082 _a158.1
100 _4Yager, John
245 _aSelf - Motivation/
_cJohn Yager
260 _aNew Delhi
_bLotus Press
_c20233
270 _a4735/22 , Prakash Deep Building Ansari Road, Darya Ganj,
_bNew Delhi
_e110002
300 _a227p.
_c22cm(pbk)
942 _2ddc
_cEN
_h158.1
_mYAG
999 _c199334
_d199334